Modeling Urban Storm Water Runoff and Selection of Harvesting Sites / (Record no. 534702)

000 -LEADER
fixed length control field 00535nam a22001577a 4500
020 ## - INTERNATIONAL STANDARD BOOK NUMBER
Qualifying information Hard Cover.
082 ## - DEWEY DECIMAL CLASSIFICATION NUMBER
Classification number 621.3678
100 ## - MAIN ENTRY--PERSONAL NAME
Personal name Tarar, Tayyeba Ferdous
245 ## - TITLE STATEMENT
Title Modeling Urban Storm Water Runoff and Selection of Harvesting Sites /
Statement of responsibility, etc. Tayyeba Ferdous Tarar.
260 ## - PUBLICATION, DISTRIBUTION, ETC.
Place of publication, distribution, etc. Islamabad:
Name of publisher, distributor, etc. SCEE - NUST,
Date of publication, distribution, etc. 2013.
300 ## - PHYSICAL DESCRIPTION
Extent 78 p. :
Other physical details ill. ;
Dimensions 30cm.
942 ## - ADDED ENTRY ELEMENTS (KOHA)
Source of classification or shelving scheme
Koha item type Thesis
650 ## - SUBJECT ADDED ENTRY--TOPICAL TERM
Topical term or geographic name entry element Remote Sensing and GIS MS. Ph. D-Thesis.
700 ## - ADDED ENTRY--PERSONAL NAME
Personal name Dr. Javed Iqbal
650 ## - SUBJECT ADDED ENTRY--TOPICAL TERM
-- 29023
700 ## - ADDED ENTRY--PERSONAL NAME
-- 25404
Holdings
Withdrawn status Lost status Source of classification or shelving scheme Damaged status Not for loan Permanent Location Current Location Shelving location Date acquired Total Checkouts Full call number Barcode Date last seen Price effective from Koha item type
          Central Library (CL) Central Library (CL) Thesis 03/17/2020   621.3678 CL-T-5495 03/17/2020 03/17/2020 Thesis
          Central Library (CL) Central Library (CL) Thesis 08/04/2020   621.3678 CL-T-5735 08/04/2020 08/04/2020 Thesis
© 2023 Central Library, National University of Sciences and Technology. All Rights Reserved.